000 00704nam a2200193Ia 4500
008 081213s9999 xx 000 0 und d
020 _a0879674938
050 _aDT30.2
_b.G56 1985
245 _aAfrica/
_cedited by Jane Martin
260 _c1985
_aGuilford
_bDushkin Publishing Group
300 _bill.; maps ;
_axii,244 p.;
_c28 cm.
440 _aGlobal studies series
500 _aincludes bibliography and index
650 _aAfrica.
650 _aAfrica Politics and government 1960-
700 _aMartin, Jane J.
942 _cBK
_2lcc
999 _c28816
_d28816